00393 a2200109 4500001001000000005001700010008004100027245010500068100002200173700002100195773006700216ART_1234220260410161905.0260409a 10aOn chosing the optimal level of significance for the Durbin-Watson test and the bayesian alternative1 aGuilkey, David K.1 aFomby, Thomas B.0 tJournal of econometricsg- Vol. 8, NÂș 2 (oct. 1978)wREV11720